| 000 | 00483nam a22001817a 4500 | ||
|---|---|---|---|
| 003 | OSt | ||
| 005 | 20180116182947.0 | ||
| 008 | 131002b xxu||||| |||| 00| 0 eng d | ||
| 020 | _a9780470633076 | ||
| 040 | _c0 | ||
| 082 | _a174.91583 POP 2011 | ||
| 100 | _aKenneth S. Pope | ||
| 245 |
_aEthics in Psychotherapy and Counseling _bA Practical Guide _cKenneth S. Pope |
||
| 250 | _a4th | ||
| 260 |
_aNew Jersey _bJohn Wiley & Sons,INC _c2011 |
||
| 300 | _a475p. | ||
| 942 |
_2ddc _cBK |
||
| 999 |
_c349377 _d349377 |
||